• 首页
  • 本馆介绍
  • 公告通知
  • 最新文献
  • 馆藏检索
  • 电子资源
  • 读者导购
  • 参考咨询
  • 我的图书馆
  • 登录
  • 详细信息显示
  • 放入我的书架
  • 预约/预借图书
  • 作者相关作品
  • 分类相关作品
  • 丛书相关作品
  • 出版社相关作品

书目信息

  • 表格格式
  • 工作单格式
  • 卡片格式
题名:
全国生态现状调查与评估
    
 
作者: ;国家环境保护总局 编著
分册:   东北卷
出版信息: 北京   中国环境科学出版社  2005
页数: 10,257页
开本: 26cm
丛书名:
单 册:
中图分类: X321.2 , X321.23
科图分类:
主题词: 生态环境--调查报告--中国 , 生态环境--调查报告--东北地区 , 生态环境
电子资源:
ISBN: 7-80209-167-5
000 01074nam0 2200277 450
001 003099226
005 20070807164634.43
010    @a7-80209-167-5@b精装@dCNY80.00
035    @a003099226
100    @a20060104d2005 em y0chiy0110 ea
101 0  @achi
102    @aCN@b110000
105    @aab z 000yy
106    @ar
200 1  @a全国生态现状调查与评估@Aquan guo sheng tai xian zhuang diao cha yu ping gu@i东北卷@Idong bei juan@f国家环境保护总局编著@Fguo jia huan jing bao hu zong ju bian zhu
210    @a北京@c中国环境科学出版社@d2005
215    @a10,257页@c图,地图@d26cm
330    @a本书是在《西部地区生态现状调查报告》《中东部地区生态现状调查报告》及各省、自治区、直辖市生态现状调查成果和报告的基础上编写而成。调查内容涉及东北三省的社会、经济、环境、资源和灾害等多个领域。
606 0  @a生态环境@x调查报告@y中国
606 0  @a生态环境@x调查报告@y东北地区
606 0  @a生态环境
690    @aX321.2@v4
690    @aX321.23@v4
711 02 @a国家环境保护总局@Aguo jia huan jing bao hu zong ju@4编著
801  0 @aCN@bNLC@c20070807
905    @dX321.2@e133@f1
    
    全国生态现状调查与评估.东北卷/国家环境保护总局编著.-北京:中国环境科学出版社,2005
    10,257页:图,地图;26cm
    
    
    ISBN 7-80209-167-5(精装):CNY80.00
    本书是在《西部地区生态现状调查报告》《中东部地区生态现状调查报告》及各省、自治区、直辖市生态现状调查成果和报告的基础上编写而成。调查内容涉及东北三省的社会、经济、环境、资源和灾害等多个领域。
●
相关链接 在E读中查询图书 在五车中查询图书 在当当中查询图书 在豆瓣中查询图书


正题名:全国生态现状调查与评估     索取号:X321.2/133         预约/预借

序号 登录号 条形码 馆藏地/架位号 状态 备注
1 0853309   208533096   第二样本阅览室/ [索取号:X321.2/133] 在馆    
唐山师范学院图书馆 欢迎您!
大连网信软件有限公司© 版权所有